| 000 | 00908nam a2200289Ia 4500 | ||
|---|---|---|---|
| 003 | OSt | ||
| 005 | 20220928115709.0 | ||
| 006 | a|||||r|||| 00| 0 | ||
| 007 | ta | ||
| 008 | 220927b |||||||| |||| 00| 0 eng d | ||
| 020 | _cEURO 169.99 | ||
| 024 | _a145112 | ||
| 037 |
_b079, 09/03/2021, Classic Book Service _cTextual |
||
| 040 |
_aSDCL _cSDCL _beng |
||
| 041 |
_2eng _aeng |
||
| 082 | _aD6,8(2),9(G), Q9 | ||
| 100 |
_aLarson Richard S. Ed. _9445652 |
||
| 245 | 0 | _aBioinformatics and drug discovery | |
| 250 | _a3rd | ||
| 260 |
_aNew York _b Humana Press, Springer _c2019 |
||
| 300 |
_axi,324p. _ccm. |
||
| 490 | _aMethods in molecular biology 1939 | ||
| 650 | _aBiophysics | ||
| 700 |
_a Oprea Tudor I. Ed. _9445653 |
||
| 942 |
_hD6,8(2),9(G), Q9 _cTEXL _2CC |
||
| 999 |
_c760555 _d760555 |
||